Une chanteuse = Un groupe - Statistiques

Statistiques générales
  • Ce quiz a été pris 27 fois
  • Le résultat moyen est 5 sur 20
Statistiques - réponses
Hint Réponse % Correct
Gwen Stefani No Doubt
79%
Dolores O'Riordan The Cranberries
75%
Annie Lennox Eurythmics
67%
Jennifer Ayache Superbus
63%
Beth Ditto Gossip
58%
Bjork The Sugarcubes
25%
Candice Clot Eths
21%
Laura-Mary Carter Blood Red Shoes
17%
Beth Gibbons Portishead
17%
Lisa Gerrard Dead Can Dance
13%
Geike Arnaert Hooverphonic
13%
Nicole Yun Eternal Summers
8%
Sandra Nasić Guano Apes
8%
Juanita Stein Howling Bells
8%
Tatiana Shmayluk Jinjer
8%
Floor Jansen Nightwish
8%
Kim Deal Pixies
8%
Sharon den Adel Within Temptation
8%
Mia Zapata The Gits
4%
Katie White The Ting Tings
4%
Aucun quiz correspondant
Distribution des résultats
% des personnes avec chaque résultat
Percentile par nombre de réponses
Votre historique - résultats
Vous n’avez pas pris ce quiz